| 000 | 00388nam a2200169Ia 4500 | ||
|---|---|---|---|
| 001 | 33109 | ||
| 003 | IN-NITTTR | ||
| 005 | 20251114233436.0 | ||
| 008 | 251113s9999||||xx |||||||||||||| ||eng|| | ||
| 040 | _beng | ||
| 040 | _cIN-NITTTR | ||
| 041 | _aeng | ||
| 082 | _aQA76 .A38 2017eb | ||
| 100 | _aMemon, Atif M. | ||
| 245 | 0 |
_aAdvances in Computers / _cMemon, Atif M. |
|
| 942 |
_2ddc _cBK |
||
| 999 |
_c35627 _d35627 |
||